| 000 | 00844nam a2200229Ia 4500 | ||
|---|---|---|---|
| 001 | 2406 | ||
| 003 | GE_BSU | ||
| 008 | 181216s||||||||xx |||||||||||||| ||und|| | ||
| 020 | _a9789941006777 | ||
| 040 | _cGE_BSU | ||
| 080 | _a371.134+37.02 | ||
| 100 | _aნიჟარაძე, ნინო; [და სხვ.] | ||
| 245 | _aსასწავლო და პროფესიული გარმო. | ||
| 245 | _bდამხმარე სახელმძღვანელო | ||
| 245 | _c[რედ. ნათია ნაცვლიშვილი, სოფიო გიორგაძე] | ||
| 260 | _aთბილისი | ||
| 260 | _c2008 | ||
| 300 | _a160 გვ. 20 სმ. | ||
| 541 | _h7 ლ. | ||
| 653 | _aსასწავლო და პროფესიული გარმო. | ||
| 942 | _cBK | ||
| 999 |
_c36488 _d36488 |
||